000 01290nam a2200397 a 4500
001 000108350
003 CHAP
005 20220329144009.0
008 140130s2012 it |r| ||||||fre d
010 _a104812
011 _a105784
020 _a9789252077008
022 _a1812-2450
040 _cCHAP
082 0 4 _a636.0896
_bF21f v.35/2
110 2 _aFAO. Programme Against African Trypanosomosis
_9125311
245 1 0 _aBulletin d'information sur les glossines et les trypanosomosis. Numéros 16294-16506 /
_cpor FAO.
260 _aRoma :
_bFAO,
_c2012.
300 _avii, 147 p.
490 1 _aTsetse and trypanosomosis information
_v; 35/2
590 _aE5995AHE
_b05
_c20140130
_lUCH01
_h1123
590 _aE5995AHE
_b05
_c20140130
_lUCH01
_h1402
590 _aE5995AHE
_b05
_c20140130
_lUCH01
_h1403
590 _aE5995AHE
_b05
_c20140130
_lUCH01
_h1435
590 _aE5995AHE
_b05
_c20140130
_lUCH01
_h1436
650 1 4 _aGanado
_xEnfermedades.
_944909
650 1 4 _aGlossina.
_948317
650 1 4 _aInsectos
_xAnatomía y fisiología.
_958891
650 1 4 _aMosca tsetsé.
_9125305
650 1 4 _aMoscas.
_978995
650 1 4 _aTripanosomiasis.
_9115169
830 0 _aPAAT
_pTsetse and trypanosomosis information
_v; 35/2
_9175549
901 _aBK
942 _cLIBRO
942 _n0
999 _c104812
_d104812